000 01050naa a2200289 c 4500
001 42013
003 ES-MaCES
005 20110816101100.0
008 110816n2011 xxkd t 000 | eng d
035 _aCES20110009054v
040 _aES-MaCES
_bspa
_cES-MaCES
100 1 _aBielsa, Jorge
_97746
245 1 0 _aSize and linkages of the Spanish construction industry
_b: key sector or deformation of the econonomy
_cJorge Bielsa and Rosa Duarte
500 _aResumen
650 4 _amodelo econométrico
_929368
650 4 _ainfraestructura
_928025
650 4 _aestructura del empleo
_928304
650 4 _asector económico
_930015
650 4 _ainversión
_928141
650 4 _aindustria de la construcción
_927730
653 1 0 _aVivienda-Construcción-Urbanismo
700 1 _aDuarte, Rosa
_910993
773 0 _tCambridge journal of Economics
_gvol. 35, no. 2 (Mar. 2011){10225 R. 079224}; p. 317-334
_w(ES-MaCES)25239
_944887
902 _aART Artículo de revista
942 _2CES
_cAR
_h5.2.
999 _c42013
_d42013